000 00817nam a2200217 i 4500
001 30144
003 ES-MaACL
005 20250630001404.0
007 t|
008 030123s1945 sp c |||| | spa d
100 1 _aBarrado, Arcángel.
_925819
245 1 0 _aCatálogo del Archivo Musical del Monasterio de Guadalupe /
_cpor Arcángel Barrado.
260 _aBadajoz :
_b[Diputación Provincial de Badajoz. Instituto de Servicios Culturales,
_c1945]
300 _a181 p. ;
_c26 cm.
595 _aSeparata de: Revista de estudios extremeños.
610 2 4 _aMonasterio de Guadalupe.
_bArchivo musical-
_vCatálogos.
_9170819
650 4 _aMúsica-
_vCatálogos.
_9157755
710 1 _aBadajoz (Provincia).
_bDiputación Provincial
_92081
852 _aES-MaACL
_jF-9713
_bR.25177
999 _c30144
_d30144